SourceOECD. International development statistics.

Includes five databases: Geographical distribution of financial flows to aid recipients, External debt statistics, Creditor reporting system, Development assistance statistics, and the Joint BIS-IMF-OECD-World Bank statistics on external debt. Users can build statistical tables based on specific var...

Full description

Bibliographic Details
Previous Title:Geographical distribution of financial flows to aid recipients
External debt statistics
Corporate Author: Organisation for Economic Co-operation and Development
Format: Database
Language:English
German
Spanish
French
Language Notes:In English, German, Spanish and French.
Published: [Paris] ; [Washington, D.C.] : OECD.
Edition:Database ed.
Subjects:

MARC

Tag First Indicator Second Indicator Subfields
LEADER 00000cai a2200000Ia 4500
001 in00002575606
005 20151201152425.0
006 m d i
007 cr |||||||||||
008 021022c199u9999fr uu dss s i0 2eng d
019 |a 83721457 
022 |a 1608-1110  |l 1608-1110 
029 1 |a NZ1  |b 7298277 
029 1 |a AU@  |b 000024781837 
035 |a (OCoLC)ocm50821132 
035 |a (OCoLC)50821132  |z (OCoLC)83721457 
040 |a OUN  |c OUN  |d OCLCQ  |d PUL  |d TXA  |d UtOrBLW 
041 0 |a eng  |a ger  |a spa  |a fre 
049 |a TXAM 
050 4 |a HG3891.5  |b .S68 Electronic 
245 0 0 |a SourceOECD.  |p International development statistics. 
246 3 0 |a International development statistics 
246 3 1 |a SourceOCDE.  |p Statistiques du developpement international 
250 |a Database ed. 
264 1 |a [Paris] ;  |a [Washington, D.C.] :  |b OECD. 
336 |a text  |b txt  |2 rdacontent 
337 |a computer  |b c  |2 rdamedia 
338 |a online resource  |b cr  |2 rdacarrier 
362 1 |a Only latest releases available online? 
538 |a Mode of access: World Wide Web; may require Adobe Acrobat Reader. 
546 |a In English, German, Spanish and French. 
580 |a Incorporating External debt statistics and Geographical distribution of financial flows to aid recipients. 
500 |a Description based on content viewed on Oct. 22, 2002. 
520 |a Includes five databases: Geographical distribution of financial flows to aid recipients, External debt statistics, Creditor reporting system, Development assistance statistics, and the Joint BIS-IMF-OECD-World Bank statistics on external debt. Users can build statistical tables based on specific variables, view and print reports as multidimensional tables or graphs, and download statistical data in IVT, XLS and CSV formats for use with Beyond 20/20's statistical software, Microsoft Excel or other programs. 
530 |a Geographical distribution of financial flows to aid recipients and External debt statistics are also available via the SourceOECD website; Creditor reporting system, Development assistance statistics, and the Joint BIS-IMF-OECD-World Bank statistics are also available via the main OECD website. 
500 |a Electronic resource. 
650 0 |a Debts, External  |z OECD countries  |v Statistics. 
650 0 |a Economic assistance  |z OECD countries  |v Statistics. 
651 0 |a OECD countries  |x Economic conditions  |v Statistics. 
651 0 |a OECD countries  |x Economic policy  |v Statistics. 
710 2 |a Organisation for Economic Co-operation and Development. 
780 0 5 |t Geographical distribution of financial flows to aid recipients  |x 1026-1869  |w (OCoLC)32198191 
780 0 5 |t External debt statistics  |x 1015-4159  |w (OCoLC)15503306 
948 |a cataloged  |b h  |c 2010/7/1  |d c  |e spoltoratski  |f 8:46:37 am 
994 |a C0  |b TXA 
999 |a MARS 
999 f f |s 4279fd94-2d90-31b9-a58b-98fa9884fdf1  |i c72f02b3-5bf3-3964-aea2-d49d29941655  |t 0 
952 f f |a Texas A&M University  |b College Station  |c Electronic Resources  |d Available Online  |t 0  |e HG3891.5 .S68  |g Electronic  |h Library of Congress classification 
998 f f |a HG3891.5 .S68  |t 0  |l Available Online